UBT Library

Fundamentals of nursing: (Record no. 2175)

000 -LEADER
fixed length control field 00323nam a22001217a 4500
008 - FIXED-LENGTH DATA ELEMENTS--GENERAL INFORMATION
fixed length control field 160518b xxu||||| |||| 00| 0 eng d
020 ## - INTERNATIONAL STANDARD BOOK NUMBER
International Standard Book Number 9780130493002
020 ## - INTERNATIONAL STANDARD BOOK NUMBER
International Standard Book Number 0130493007
041 ## - LANGUAGE CODE
Language code of text/sound track or separate title eng
080 ## - UNIVERSAL DECIMAL CLASSIFICATION NUMBER
Universal Decimal Classification number 618.2
245 ## - TITLE STATEMENT
Title Fundamentals of nursing:
Statement of responsibility, etc Susan Barnes; Joseann Helmes Dewitt; Dawna Martich;
942 ## - ADDED ENTRY ELEMENTS (KOHA)
Source of classification or shelving scheme
Item type Books
Holdings
Withdrawn status Lost status Source of classification or shelving scheme Damaged status Not for loan Collection code Permanent location Current location Shelving location Date acquired Total Checkouts Full call number Barcode Date last seen Koha item type Price effective from
          Koleksioni i përgjithshem UBT - Lipjan UBT - Lipjan Koleksioni i përgjithshem 01/10/2017   618.2 BAR 002-029596 05/18/2016 Books  
          Koleksioni i përgjithshem UBT - Lipjan UBT - Lipjan Koleksioni i përgjithshem 01/17/2017   618.2 KOZ 002-030130 01/17/2017 Books 01/17/2017
UBT Library © 2015-2024. All rights reserved University Education for Business and Technology